Fortalecimiento de la participación comunitaria orientada a la seguridad alimentaria y a la promoción de alternativas socioeconómicas en la zona de Monteloro y Playa Alta, corregimiento de la Sonora, Municipio de Trujillo, Valle del Cauca, por medio de la creación de una escuela campesina de agroecología. (Registro nro. 18065)

Detalles MARC
000 -CABECERA
Campo de control 01141nam a22002297a 4500
005 - FECHA Y HORA DE LA ULTIMA TRANSACCION
Campo de control 20160201114726.0
008 - ELEMENTOS DE LONGITUD FIJA—INFORMACION GENERAL
Campo de control 160201b2007 CK ||||| |||| 00| 0 spa d
040 ## - FUENTE DE CATALOGACIÓN
Agencia catalogadora original CO-BoIAVH
Agencia transcriptora CO-BoIAVH
041 ## - IDIOMA
Código de idioma para texto/pista de sonido o título separado Español
044 ## - PAÍS DE PUBLICACIÓN
País de publicación Colombia
090 ## - CLASIFICACIÓN LOCAL
Colección LB
Consecutivo 05899
245 00 - MENCION DE TITULO
Título Fortalecimiento de la participación comunitaria orientada a la seguridad alimentaria y a la promoción de alternativas socioeconómicas en la zona de Monteloro y Playa Alta, corregimiento de la Sonora, Municipio de Trujillo, Valle del Cauca, por medio de la creación de una escuela campesina de agroecología.
260 ## - PUBLICACION, DISTRIBUCION, ETC. (PIE DE IMPRENTA)
Lugar de publicación, distribución, etc. Valle del Cauca:
Nombre del editor, distribuidor, etc. Fundación para la conservción de la naturaleza y la vida Fundavi,
Fecha de publicación, distribución, etc. 2008.
300 ## - DESCRIPCION FISICA
Extensión 105 páginas
Otros detalles físicos fotografías blanco y negro, tablas
500 ## - NOTA GENERAL
Nota general Informe final de investigación -- material disponible para consulta en sala en fotocopia
650 14 - ASIENTO SECUNDARIO DE MATERIA - TERMINO TEMATICO
Término temático o nombre geográfico como elemento de entrada Agroecología
Subdivisión geográfica Valle del Cauca
-- Colombia
9 (RLIN) 56233
650 14 - ASIENTO SECUNDARIO DE MATERIA - TERMINO TEMATICO
Término temático o nombre geográfico como elemento de entrada Páramos
Subdivisión geográfica Colombia
9 (RLIN) 56234
651 ## - ASIENTO SECUNDARIO DE MATERIA - NOMBRE GEOGRAFICO
Nombre geográfico Colombia
Subdivisión geográfica Valle del Cauca
-- Trujillo (Municipio)
9 (RLIN) 56235
651 ## - ASIENTO SECUNDARIO DE MATERIA - NOMBRE GEOGRAFICO
Nombre geográfico Colombia
Subdivisión geográfica Monteloro
9 (RLIN) 56236
651 ## - ASIENTO SECUNDARIO DE MATERIA - NOMBRE GEOGRAFICO
Nombre geográfico Colombia
Subdivisión geográfica Playa Alta
9 (RLIN) 56237
942 ## - ELEMENTOS ADICIONALES (KOHA)
Sistema de clasificación Local
Tipo de ítem Informe Técnico
Existencias
Withdrawn status Lost status Sistema de Clasificación Damaged status No para préstamo Colección Inventariado Ubicación Permanente Ubicación actual Fecha de adquisición Total Checkouts Número topográfico Inventario / Código de Barras Date last seen Ejemplar Price effective from Forma de adquisición Tipo de material
    Local     General Inventariado 2017 Bogotá Bogotá 01/02/2016   LB-05899 039655 01/02/2016 Ej. 1 01/02/2016   Informe Técnico